000 00467nam a2200181Ia 4500
001 19046
005 20260306171715.0
008 260306s9999||||xx |||||||||||||| ||und||
041 _aESP
082 _a658.8
_bC48
100 _aCervera, Ángel Luis
_eAUT
245 0 _aMarketing y venta de productos de gran consumo a través del packaging
260 _c2014
300 _a51 páginas :
_c30 cm.
650 _aGEN
654 _aCAN
942 _cLIB
_dJUS
_fJUS
_2ddc
_n
999 _c19046
_d19046